| 000 | 00840nam a2200265Ia 4500 | ||
|---|---|---|---|
| 003 | GCL | ||
| 008 | 140319s9999 xx 000 0 ara d | ||
| 020 | _a6137369957 | ||
| 040 |
_aGCL / _cGCL |
||
| 082 | 0 | 4 |
_a370.19 _bع ت |
| 100 | 1 | _aعادل مشعان ربيع | |
| 245 | 1 | 0 |
_aالتربية البيئية / _cعادل مشعان ربيع |
| 700 | 1 | _aهادى مشعان ربيع | |
| 700 | 1 | _aاحمد محمد ربيع | |
| 250 | _aالاولى | ||
| 260 |
_aالاردن : _bدار عالم الثقافة للنشر والتوزيع ، _c2007 |
||
| 300 |
_a239 ص ؛ _c24 سم |
||
| 650 | 0 | 4 | _aالبيئة |
| 650 | 0 | 4 | _aتلوث البيئة |
| 650 | 0 | 4 | _aالضوضاء |
| 650 | 0 | 4 | _aثقب الاوزون |
| 650 | 0 | 4 | _aالتربية البيئية |
| 650 | 0 | 4 | _aالاسلام - البيئة |
| 942 |
_2ddc _cBK |
||
| 999 |
_c10109 _d10109 |
||